000
00330nam a2200133Ia 4500
008
240624s9999 xx 000 0 und d
041
_a
eng
082
_a
006.76 HOL
100
_a
HOLDEN GREG
245
_a
ECOMMERCE ESSENTIALS WITH MICROSOFT FRON
260
_c
2000
_a
New Delhi
_b
Prentice-Hall
300
_a
xiii, : 290
365
_c
RS
999
_c
282
_d
282